000
00221nam a2200097Ia 4500
008
220204s9999 xx 000 0 und d
082
_a
82-3
_b
IND
100
_a
Indira Parthasarathy
245
0
_a
River of blood
942
_c
BK
999
_c
30064
_d
30064